[Event "TOP 12 Feminin_GroupeA"]
[Site "CHARTRES, France"]
[Date "2024.05.11"]
[Round "3.8"]
[White "PERRUSSET, Barbara"]
[Black "GIROD, Sarah"]
[Result "1/2-1/2"]
[WhiteElo "1846"]
[BlackElo "1682"]
[PlyCount "86"]
[EventDate "2024.??.??"]
[WhiteTeam "Grasse"]
[BlackTeam "Domloup"]

1. e4 {3} e6 {9} 2. d4 {11} d5 {5} 3. Bd3 {9} dxe4 {283} 4. Bxe4 {5} Nf6 {4} 5.
Bf3 {4} Bd6 {301} 6. c4 {567} c6 {1004} 7. Ne2 {716} Nbd7 {266} 8. O-O {74} e5
{231} 9. Re1 {285} O-O {50} 10. Nbc3 {158} exd4 {86} 11. Nxd4 {119} Qc7 {169}
12. h3 {946} Ne5 {67} 13. Be2 {133} Be6 {120} 14. Ndb5 {1169} cxb5 {290} 15.
Nxb5 {5} Qa5 {397} 16. Nxd6 {228} Rad8 {124} 17. Bd2 {339} Qb6 {28} 18. Nb5 {
154} Ne4 {471} 19. Be3 {538} Rxd1 {18} 20. Bxb6 {21} Rxe1+ {8} 21. Rxe1 {9}
axb6 {4} 22. Bf1 {91} Nd2 {792} 23. Rxe5 {35} Nxf1 {5} 24. Kxf1 {78} Bxc4+ {7}
25. Kg1 {57} f6 {35} 26. Re7 {56} Bxb5 {54} 27. Rxb7 {4} Rd8 {176} 28. Rxb6 {13
} Rd1+ {12} 29. Kh2 {4} Bc4 {18} 30. b3 {31} Bd5 {10} 31. a4 {100} Ra1 {6} 32.
Rb5 {68} Be6 {6} 33. a5 {57} Ra2 {649} 34. Kg1 {20} Kf8 {241} 35. b4 {13} Ra4 {
64} 36. Rb7 {84} Bc4 {101} 37. Kh2 {113} Ra2 {225} 38. Kg1 {20} Ra1+ {69} 39.
Kh2 {4} Ra2 {142} 40. Kg1 {5} Rb2 {2} 41. Rb6 {90} Kf7 {12} 42. a6 {150} Rb1+ {
3} 43. Kh2 {63} Bd5 1/2-1/2

[Event "TOP 12 Feminin_GroupeA"]
[Site "CHARTRES, France"]
[Date "2024.05.11"]
[Round "3.9"]
[White "OSMAK, Yulia"]
[Black "SEBAG, Marie"]
[Result "1/2-1/2"]
[WhiteElo "2460"]
[BlackElo "2437"]
[PlyCount "87"]
[EventDate "2024.??.??"]
[WhiteTeam "Chartres"]
[BlackTeam "Bischwiller"]

1. c4 {85} c6 {181} 2. d4 {6} d5 {16} 3. cxd5 {11} cxd5 {7} 4. Nc3 {6} Nf6 {10}
5. Bf4 {4} Nc6 {51} 6. e3 {5} Bf5 {89} 7. Qb3 {10} Na5 {59} 8. Qa4+ {6} Bd7 {24
} 9. Qc2 {5} e6 {136} 10. Nf3 {13} Rc8 {58} 11. Bd3 {9} Bb4 {45} 12. O-O {11}
Nh5 {70} 13. Be5 {17} f6 {61} 14. Bg3 {22} Nxg3 {46} 15. hxg3 {35} Nc4 {84} 16.
Rac1 {654} Bxc3 {695} 17. bxc3 {20} Nd6 {19} 18. Nd2 {879} Kf7 {819} 19. Rfe1 {
387} b6 {1372} 20. Qb1 {632} Bc6 {444} 21. g4 {766} g6 {72} 22. f4 {248} Kg7 {
136} 23. Nf3 {161} Nf7 {34} 24. e4 {847} dxe4 {119} 25. Bxe4 {3} Qd6 {322} 26.
f5 {167} exf5 {162} 27. gxf5 {3} Rhe8 {40} 28. fxg6 {296} hxg6 {57} 29. Qd3 {82
} Bxe4 {233} 30. Rxe4 {4} Qd5 {40} 31. Rxe8 {120} Rxe8 {4} 32. c4 {7} Qa5 {76}
33. Rc2 {347} Ng5 {64} 34. Re2 {74} Rxe2 {23} 35. Qxe2 {5} Nxf3+ {4} 36. gxf3 {
35} Qg5+ {34} 37. Kf1 {60} Qh4 {88} 38. Qe3 {157} Kf7 {277} 39. Kg2 {35} f5 {21
} 40. f4 {159} Qg4+ {33} 41. Kf2 {12} Qh4+ {12} 42. Kg2 {10} Qg4+ {3} 43. Kf2 {
2} Qh4+ {4} 44. Kg2 {2} 1/2-1/2

[Event "TOP 12 Feminin_GroupeA"]
[Site "CHARTRES, France"]
[Date "2024.05.11"]
[Round "3.10"]
[White "JAVAKHISVILI, Lela"]
[Black "DAULYTE-CORNETTE, Deimante"]
[Result "0-1"]
[WhiteElo "2447"]
[BlackElo "2381"]
[PlyCount "76"]
[EventDate "2024.??.??"]
[WhiteTeam "Bischwiller"]
[BlackTeam "Chartres"]

1. d4 {3} Nf6 {13} 2. c4 {7} e6 {5} 3. Nf3 {15} d5 {20} 4. Nc3 {18} Nbd7 {14}
5. cxd5 {131} exd5 {6} 6. Qc2 {4} Bb4 {42} 7. g3 {722} O-O {167} 8. Bg2 {6} Re8
{63} 9. O-O {46} c6 {209} 10. a3 {48} Bd6 {128} 11. b4 {15} Nb6 {100} 12. b5 {
662} Bd7 {403} 13. bxc6 {91} Bxc6 {69} 14. Qb3 {221} h6 {414} 15. Nb5 {438}
Rxe2 {697} 16. Nxd6 {17} Qxd6 {4} 17. Bf4 {28} Qe7 {75} 18. Ne5 {152} Ba4 {49}
19. Qd3 {79} Rb2 {162} 20. Rfe1 {98} Qf8 {549} 21. Rac1 {651} Rc8 {109} 22. Bh3
{35} Rxc1 {639} 23. Bxc1 {9} Rc2 {90} 24. f3 {728} Rc7 {398} 25. Qd2 {347} Nc4
{439} 26. Nxc4 {6} Rxc4 {11} 27. Bf1 {160} Rc2 {266} 28. Qa5 {55} Qc8 {204} 29.
Bf4 {482} Qc3 {216} 30. Qxa4 {60} b5 {4} 31. Qb4 {60} Qxf3 {8} 32. Be3 {187}
Ng4 {154} 33. Qxb5 {216} Rxh2 {65} 34. Qe8+ {52} Kh7 {4} 35. Bd3+ {3} g6 {105}
36. Bxg6+ {56} Kxg6 {5} 37. Qg8+ {58} Kh5 {5} 38. Qxg4+ {14} Kxg4 {6} 0-1

[Event "TOP 12 Feminin_GroupeA"]
[Site "CHARTRES, France"]
[Date "2024.05.11"]
[Round "3.11"]
[White "SCHIPPKE, Manon"]
[Black "MAISURADZE, Nino"]
[Result "0-1"]
[WhiteElo "2190"]
[BlackElo "2189"]
[PlyCount "109"]
[EventDate "2024.??.??"]
[WhiteTeam "Chartres"]
[BlackTeam "Bischwiller"]

1. e4 {2} c5 {9} 2. Nf3 {6} Nc6 {3} 3. Bb5 {5} g6 {19} 4. O-O {7} Bg7 {3} 5.
Re1 {4} Nf6 {59} 6. c3 {7} O-O {30} 7. d4 {3} d5 {39} 8. e5 {5} Ne4 {5} 9. Be3
{3} Qb6 {15} 10. Bxc6 {16} bxc6 {26} 11. Qc1 {45} c4 {34} 12. Nbd2 {196} Nxd2 {
80} 13. Nxd2 {58} Bf5 {17} 14. b3 {136} Bd3 {24} 15. Qa3 {186} Rfe8 {30} 16. h4
{42} h5 {379} 17. bxc4 {649} dxc4 {8} 18. e6 {741} f6 {387} 19. Bf4 {447} Qb5 {
222} 20. Bg3 {356} Qd5 {993} 21. Kh2 {313} c5 {949} 22. dxc5 {155} Rac8 {143}
23. Qxa7 {403} Qxc5 {364} 24. Qxc5 {308} Rxc5 {3} 25. Nf3 {13} Ra8 {57} 26. a4
{72} Rca5 {571} 27. Nd4 {103} Kf8 {567} 28. Bc7 {547} Rxa4 {4} 29. Rxa4 {3}
Rxa4 {4} 30. Bd6 {312} f5 {572} 31. Bc5 {60} Bf6 {452} 32. Kg3 {102} Ra6 {110}
33. f3 {221} Ra2 {137} 34. Kh3 {176} f4 {92} 35. g3 {4} fxg3 {13} 36. Kxg3 {3}
g5 {56} 37. hxg5 {177} Bxg5 {1} 38. f4 {275} h4+ {9} 39. Kf3 {49} Bf6 {24} 40.
Rh1 {30} Ra5 {65} 41. Bb4 {17} Ra2 {48} 42. Nb5 {139} Bf5 {30} 43. Nc7 {7} Rd2
{23} 44. Ra1 {131} h3 {21} 45. Ra8+ {82} Kg7 {2} 46. Ne8+ {3} Kg6 {5} 47. Nxf6
{9} Kxf6 {3} 48. Rh8 {118} Bxe6 {98} 49. Rh6+ {38} Kf7 {32} 50. Kg3 {11} Rg2+ {
36} 51. Kf3 {37} Bd5+ {42} 52. Ke3 {1} h2 {10} 53. Rh7+ {34} Kg6 {32} 54. Rh8 {
16} Ra2 {48} 55. Kd4 {11} 0-1

[Event "TOP 12 Feminin_GroupeA"]
[Site "CHARTRES, France"]
[Date "2024.05.11"]
[Round "3.12"]
[White "BELLAHCENE, Sofia"]
[Black "TOMASI, Elise"]
[Result "0-1"]
[WhiteElo "2000"]
[BlackElo "2011"]
[PlyCount "76"]
[EventDate "2024.??.??"]
[WhiteTeam "Bischwiller"]
[BlackTeam "Chartres"]

1. e4 {11} e5 {50} 2. Bc4 {40} Nf6 {22} 3. d3 {13} Bc5 {18} 4. Nc3 {48} d6 {225
} 5. h3 {393} h6 {306} 6. Na4 {214} Nbd7 {404} 7. Nxc5 {201} Nxc5 {93} 8. b4 {
52} Ne6 {4} 9. Ne2 {463} c6 10. O-O {357} g5 {387} 11. Ng3 {257} Nf4 {64} 12.
d4 {265} Qc7 {415} 13. dxe5 {44} dxe5 {18} 14. Bxf4 {234} gxf4 {67} 15. Nh5 {
103} Qe7 {816} 16. Nxf6+ {743} Qxf6 {111} 17. Qh5 {76} Rg8 {180} 18. Kh2 {262}
Rg5 {406} 19. Qf3 {61} Qg6 {186} 20. Rad1 {280} Rh5 {260} 21. Qd3 {402} Bg4 {9}
22. Qd6 {547} f3 {1224} 23. Qxg6 {69} fxg6 {6} 24. gxf3 {54} Bxh3 {10} 25. Kg3
{105} Bxf1 {17} 26. Bxf1 {36} Rg5+ {12} 27. Kh2 {63} Rd8 {115} 28. Bd3 {35} Ke7
{17} 29. b5 {256} cxb5 {151} 30. Rb1 {7} a6 {9} 31. a4 {1} b6 {16} 32. axb5 {6}
a5 33. Rb3 {8} Rc8 {34} 34. Ra3 {77} h5 {79} 35. Ra2 {21} h4 {28} 36. Bf1 {2}
Rc3 {67} 37. Bd3 {20} h3 {5} 38. Kxh3 {19} Rc8 {8} 0-1

[Event "TOP 12 Feminin_GroupeA"]
[Site "CHARTRES, France"]
[Date "2024.05.11"]
[Round "4.1"]
[White "GUICHARD, Pauline"]
[Black "MATNADZE BUJIASHVILI, Ann"]
[Result "1/2-1/2"]
[WhiteElo "2362"]
[BlackElo "2369"]
[PlyCount "45"]
[EventDate "2024.??.??"]
[WhiteTeam "Asnieres sur Seine"]
[BlackTeam "Grasse"]

1. d4 {1} Nf6 {13} 2. c4 {6} e6 {3} 3. Nf3 {6} b6 {4} 4. g3 {25} Bb7 {6} 5. Bg2
{43} Be7 {20} 6. Nc3 {498} Ne4 {183} 7. Qd3 {241} Nxc3 {322} 8. Qxc3 {7} Be4 {
39} 9. O-O {210} O-O {100} 10. Ne1 {106} Bxg2 {39} 11. Nxg2 {3} f5 {207} 12. a3
{566} Bf6 {469} 13. Qd3 {228} Nc6 {202} 14. Be3 {41} a5 {151} 15. b3 {63} Qe7 {
270} 16. Ra2 {29} e5 {151} 17. dxe5 {96} Nxe5 {268} 18. Qd5+ {803} Kh8 {62} 19.
Bf4 {13} d6 {471} 20. Ne3 {627} g6 {260} 21. Qg2 {163} Bg7 {60} 22. Rd1 {168}
Qe8 {479} 23. Rad2 {169} 1/2-1/2

[Event "TOP 12 Feminin_GroupeA"]
[Site "CHARTRES, France"]
[Date "2024.05.11"]
[Round "4.2"]
[White "MILLIET, Sophie"]
[Black "GAPONENKO, Inna"]
[Result "1/2-1/2"]
[WhiteElo "2385"]
[BlackElo "2332"]
[PlyCount "127"]
[EventDate "2024.??.??"]
[WhiteTeam "Grasse"]
[BlackTeam "Asnieres sur Seine"]

1. e4 {2} e6 {6} 2. d4 {5} d5 {3} 3. e5 {13} c5 {5} 4. c3 {3} Nc6 {4} 5. Nf3 {3
} Bd7 {8} 6. Be2 {6} Nge7 {6} 7. O-O {11} Ng6 {4} 8. Be3 {14} Be7 {15} 9. Nbd2
{10} cxd4 {655} 10. cxd4 {5} f5 {779} 11. exf6 {74} gxf6 {290} 12. Bh6 {857}
Bf8 {365} 13. Bxf8 {26} Kxf8 {4} 14. g3 {289} Kg7 {478} 15. Nb3 {51} b6 {89}
16. Re1 {234} Rc8 {1190} 17. Qd2 {186} a5 {417} 18. h4 {252} Re8 {107} 19. Nc1
{978} Nb4 {569} 20. Bd1 {10} Qc7 {45} 21. Re3 {558} Qd6 {69} 22. h5 {223} Nf8 {
77} 23. Nh4 {147} e5 {422} 24. dxe5 {313} Rxe5 {41} 25. Ne2 {336} Rxe3 {228}
26. Qxe3 {4} Qe5 {71} 27. Qd2 {246} Qxh5 {100} 28. Nf4 {135} Qg5 {120} 29. a3 {
372} Nc6 {4} 30. Nh5+ {251} Kh8 {33} 31. f4 {75} Qg8 {4} 32. Bf3 {77} Be6 {98}
33. Qf2 {320} Nd7 {18} 34. Rc1 {22} Ne7 {89} 35. Re1 {27} Nf5 {27} 36. Nxf5 {
230} Bxf5 {1} 37. Qd4 {15} Qf7 {68} 38. Qxd5 {149} Qxd5 {13} 39. Bxd5 Bg4 {21}
40. Re7 {23} Rc1+ {49} 41. Kf2 {5} Rc2+ {10} 42. Ke1 {38} Bxh5 {51} 43. Rxd7 {4
} f5 {35} 44. b3 {106} Ra2 {31} 45. a4 {9} Re2+ {4} 46. Kf1 Rd2 {23} 47. Be6 {
71} Rxd7 {5} 48. Bxd7 {3} Bg4 {24} 49. Kf2 {68} Kg7 {3} 50. Ke3 {3} Kf6 {4} 51.
Kd4 {16} Ke7 {3} 52. Bb5 {37} Kd6 {27} 53. Bd3 {2} Bh3 {61} 54. Be2 {59} Bg2 {
35} 55. Bd3 {15} Bh3 {5} 56. Bc4 {62} Bg2 {69} 57. Bg8 {30} h6 {4} 58. Bc4 {44}
Bb7 {133} 59. Bd3 {15} Bc8 {4} 60. Bc2 {12} Be6 {7} 61. Bd1 {40} Bf7 {38} 62.
Bc2 {49} Be6 {4} 63. Bd1 {25} Bf7 {5} 64. Bc2 {33} 1/2-1/2

[Event "TOP 12 Feminin_GroupeA"]
[Site "CHARTRES, France"]
[Date "2024.05.11"]
[Round "4.3"]
[White "IGLESIAS, Yosha"]
[Black "FORESTIER, Carole"]
[Result "1-0"]
[WhiteElo "2318"]
[BlackElo "1999"]
[PlyCount "53"]
[EventDate "2024.??.??"]
[WhiteTeam "Asnieres sur Seine"]
[BlackTeam "Grasse"]

1. d4 {3} e6 {6} 2. Nf3 {6} Nf6 {29} 3. Bg5 {29} b6 {78} 4. e3 {105} Bb7 {82}
5. Nbd2 {29} Be7 {82} 6. Bd3 {18} c5 {66} 7. c3 {86} cxd4 {142} 8. exd4 {6} d6
{75} 9. Bxf6 {72} Bxf6 {163} 10. Qe2 {15} Nd7 {64} 11. h4 {370} Qc7 {756} 12.
Ne4 {421} Be7 {130} 13. Nfg5 {220} Nf6 {131} 14. Nxf7 {211} Bxe4 {1287} 15.
Nxh8 {150} Bxd3 {217} 16. Qxd3 {18} Kf8 {316} 17. h5 {93} Kg8 {36} 18. Ng6 {34}
hxg6 {76} 19. hxg6 {26} Qc6 {335} 20. Qh3 {174} Qe4+ {206} 21. Kf1 {7} Kf8 {42}
22. Re1 {54} Qxg6 {99} 23. Qxe6 {30} Qf7 {108} 24. Qxe7+ {66} Qxe7 {29} 25.
Rh8+ {5} Ng8 {68} 26. Rxg8+ {9} Kxg8 {11} 27. Rxe7 {4} 1-0

[Event "TOP 12 Feminin_GroupeA"]
[Site "CHARTRES, France"]
[Date "2024.05.11"]
[Round "4.4"]
[White "PERRUSSET, Barbara"]
[Black "NICOARA, Malina"]
[Result "1/2-1/2"]
[WhiteElo "1846"]
[BlackElo "2054"]
[PlyCount "39"]
[EventDate "2024.??.??"]
[WhiteTeam "Grasse"]
[BlackTeam "Asnieres sur Seine"]

1. e4 {2} c5 {10} 2. Nf3 {4} Nc6 {8} 3. Bb5 {4} g6 {15} 4. c3 {208} Nf6 {334}
5. Qe2 {490} Bg7 {165} 6. O-O {194} O-O {26} 7. d4 {76} cxd4 {803} 8. cxd4 {11}
d6 {3} 9. h3 {559} a6 {741} 10. Bxc6 {244} bxc6 {4} 11. Nc3 {164} a5 {240} 12.
Rd1 {176} Ba6 {23} 13. Qc2 {145} Qc8 {197} 14. Be3 {111} Qb7 {66} 15. e5 {702}
Nd5 {676} 16. Nxd5 {60} cxd5 {4} 17. exd6 {83} exd6 {4} 18. Qd2 {148} Rfe8 {422
} 19. Re1 {262} a4 {218} 20. Bf4 {407} 1/2-1/2

[Event "TOP 12 Feminin_GroupeA"]
[Site "CHARTRES, France"]
[Date "2024.05.11"]
[Round "4.5"]
[White "SEBAG, Marie"]
[Black "SEITE, Yamina"]
[Result "1-0"]
[WhiteElo "2437"]
[BlackElo "1914"]
[PlyCount "83"]
[EventDate "2024.??.??"]
[WhiteTeam "Bischwiller"]
[BlackTeam "Domloup"]

1. e4 {67} e6 {6} 2. d4 {7} d5 {4} 3. Nd2 {3} Nf6 {5} 4. e5 {5} Nfd7 {4} 5. Bd3
{10} c5 {5} 6. c3 {10} Nc6 {6} 7. Ne2 {27} cxd4 {11} 8. cxd4 {5} f6 {6} 9. exf6
{7} Nxf6 {7} 10. O-O {19} Bd6 {12} 11. Nf3 {14} Qc7 {15} 12. Bg5 {260} O-O {45}
13. Rc1 {34} h6 {447} 14. Bd2 {267} Ng4 {423} 15. Ng3 {219} Qb6 {208} 16. Bc3 {
266} Bf4 {239} 17. Rc2 {110} Bd7 {437} 18. Nh5 {743} Bd6 {225} 19. h3 {301} Nf6
{447} 20. Ne5 {131} Qc7 {364} 21. Re1 {631} Be8 {388} 22. Nxf6+ {215} Rxf6 {6}
23. Ng4 {10} Rf4 {171} 24. g3 {476} Rf8 {166} 25. Rxe6 {110} Rd8 {893} 26. Re1
{283} Bd7 {379} 27. Kg2 {271} Qb6 {297} 28. a3 {360} Kh8 {250} 29. Qd2 {169}
Bxg4 {129} 30. hxg4 {10} Nxd4 {84} 31. Re6 {243} Rxf2+ {402} 32. Qxf2 {16} Nxe6
{8} 33. Qf5 {57} Nf8 {76} 34. Rf2 {206} Qc7 {171} 35. g5 {77} d4 {77} 36. Bxd4
{17} Be7 {69} 37. Be5 {315} Qd7 {43} 38. Bxg7+ {67} Kxg7 {13} 39. Qe5+ {2} Kg8
{11} 40. Bc4+ {3} Kh7 {10} 41. Rf7+ {5} Kg6 {5} 42. Qg7+ {5} 1-0

[Event "TOP 12 Feminin_GroupeA"]
[Site "CHARTRES, France"]
[Date "2024.05.11"]
[Round "4.6"]
[White "LE MAREC, Laura"]
[Black "JAVAKHISVILI, Lela"]
[Result "0-1"]
[WhiteElo "1843"]
[BlackElo "2447"]
[PlyCount "46"]
[EventDate "2024.??.??"]
[WhiteTeam "Domloup"]
[BlackTeam "Bischwiller"]

1. e4 {13} g6 {24} 2. d4 {42} Bg7 {5} 3. Nc3 {271} a6 {19} 4. a4 {148} d6 {12}
5. Nf3 {69} Nf6 {55} 6. Bc4 {250} O-O {64} 7. O-O {37} Nc6 {161} 8. Bb3 {161}
Bg4 {65} 9. Be3 {31} e5 {290} 10. d5 {325} Nd4 {44} 11. Bc4 {372} Nxf3+ {148}
12. gxf3 {187} Bh3 {6} 13. Re1 {32} Nh5 {9} 14. Bf1 {784} Bxf1 {154} 15. Kxf1 {
582} Qh4 {146} 16. Ke2 {381} f5 {206} 17. Rg1 {301} Qxh2 {378} 18. exf5 {259}
gxf5 {416} 19. a5 {418} f4 {268} 20. Ne4 {715} fxe3 {36} 21. Rh1 {70} Ng3+ {61}
22. Kxe3 {386} Nxh1 {65} 23. Qd3 {38} Rf4 {183} 0-1

[Event "TOP 12 Feminin_GroupeA"]
[Site "CHARTRES, France"]
[Date "2024.05.11"]
[Round "4.7"]
[White "MAISURADZE, Nino"]
[Black "GIROD, Sarah"]
[Result "1-0"]
[WhiteElo "2189"]
[BlackElo "1682"]
[PlyCount "59"]
[EventDate "2024.??.??"]
[WhiteTeam "Bischwiller"]
[BlackTeam "Domloup"]

1. d4 {8} d5 {4} 2. c4 {7} Nc6 {7} 3. Nc3 {132} dxc4 {86} 4. e3 {63} Nf6 {99}
5. Bxc4 {34} Bf5 {367} 6. Qb3 {743} e6 {1118} 7. Qxb7 {862} Na5 {65} 8. Bb5+ {
142} c6 {8} 9. Bxc6+ {24} Nxc6 {4} 10. Qxc6+ {3} Nd7 {5} 11. Nf3 {81} Rc8 {238}
12. Qa4 {11} Bd6 {33} 13. O-O {629} O-O {11} 14. h3 {237} Qe7 {126} 15. e4 {53}
Bg6 {52} 16. Be3 {1110} Bb4 {259} 17. Nd2 {250} Nf6 {879} 18. Bg5 {66} h6 {513}
19. Bh4 {45} Qb7 {100} 20. Bxf6 {79} gxf6 {9} 21. Qb3 {16} Qe7 {206} 22. Rac1 {
103} Ba5 {82} 23. d5 {83} Bxc3 {79} 24. bxc3 {64} exd5 {274} 25. exd5 {8} Qe2 {
364} 26. Nf3 {64} Rfd8 {8} 27. c4 {51} Rb8 {244} 28. Qc3 {269} Rb2 {399} 29.
Qxf6 {41} Rf8 {8} 30. d6 {47} 1-0

[Event "TOP 12 Feminin_GroupeA"]
[Site "CHARTRES, France"]
[Date "2024.05.11"]
[Round "4.8"]
[White "LANGER, Karele"]
[Black "BELLAHCENE, Sofia"]
[Result "0-1"]
[WhiteElo "1760"]
[BlackElo "2000"]
[PlyCount "64"]
[EventDate "2024.??.??"]
[WhiteTeam "Domloup"]
[BlackTeam "Bischwiller"]

1. e4 {4} c5 {102} 2. Nc3 {20} e6 {4} 3. Nge2 {129} Nc6 {6} 4. d4 {94} cxd4 {6}
5. Nxd4 {2} Nf6 6. Nxc6 {127} bxc6 {7} 7. Bd3 {17} d5 {14} 8. e5 {524} Nd7 {1}
9. f4 {8} Be7 {68} 10. O-O {109} O-O {7} 11. Kh1 {172} Nc5 {161} 12. Be2 {322}
d4 {174} 13. Nb1 {8} Rb8 {74} 14. Nd2 {118} Na4 {209} 15. Nb3 {191} c5 {18} 16.
Qd3 {645} Nb6 {295} 17. Qg3 {157} f5 {182} 18. c3 {310} d3 {198} 19. Bf3 {242}
a5 {87} 20. Be3 {533} Nd5 {342} 21. Rfe1 {450} Bh4 {16} 22. Qh3 {104} Bxe1 {5}
23. Bxd5 {175} Qxd5 {31} 24. Rxe1 {20} c4 {10} 25. Nd4 {166} Rxb2 {29} 26. Rd1
{181} Bb7 {32} 27. Qf3 {179} Qxf3 {26} 28. Nxf3 {5} Rxa2 {11} 29. Kg1 {53} a4 {
21} 30. Rb1 {82} Bxf3 {7} 31. gxf3 {22} Rc2 {6} 32. Ra1 {109} d2 {13} 0-1

[Event "TOP 12 Feminin_GroupeA"]
[Site "CHARTRES, France"]
[Date "2024.05.11"]
[Round "4.9"]
[White "BATSIASHVILI, Nino"]
[Black "OSMAK, Yulia"]
[Result "1/2-1/2"]
[WhiteElo "2445"]
[BlackElo "2460"]
[PlyCount "48"]
[EventDate "2024.??.??"]
[WhiteTeam "Juvisy sur Orge"]
[BlackTeam "Chartres"]

1. d4 {3} d5 {3} 2. c4 {4} dxc4 {2} 3. Nf3 {8} Nf6 {7} 4. e3 {4} e6 {3} 5. Bxc4
{6} c5 {2} 6. O-O {20} a6 {2} 7. b3 {49} Nbd7 {32} 8. Bb2 {26} Be7 {236} 9.
dxc5 {414} Nxc5 {252} 10. Qxd8+ {7} Bxd8 {8} 11. Bd4 {306} Be7 {99} 12. Rc1 {
193} b6 {798} 13. Nbd2 {551} Bd7 {1043} 14. Ne5 {439} O-O {614} 15. b4 {686}
Na4 {38} 16. Bb3 {21} Bxb4 {442} 17. Ne4 {309} Nxe4 {438} 18. Nxd7 {7} Nac3 {5}
19. Rc2 {86} Rfd8 {141} 20. Nxb6 {22} Rab8 {7} 21. Na4 {104} Nb5 {298} 22. Bb6
{391} Rdc8 {59} 23. Rxc8+ {239} Rxc8 {2} 24. Rd1 {11} Nd2 {146} 1/2-1/2

[Event "TOP 12 Feminin_GroupeA"]
[Site "CHARTRES, France"]
[Date "2024.05.11"]
[Round "4.10"]
[White "DAULYTE-CORNETTE, Deimante"]
[Black "AUVRAY, Honorine"]
[Result "1-0"]
[WhiteElo "2381"]
[BlackElo "2033"]
[PlyCount "67"]
[EventDate "2024.??.??"]
[WhiteTeam "Chartres"]
[BlackTeam "Juvisy sur Orge"]

1. e4 {2} c5 {10} 2. Nf3 {7} Nc6 {8} 3. Bb5 {16} g6 {24} 4. O-O {17} Bg7 {21}
5. d3 {15} Nf6 {119} 6. Nc3 {18} O-O {47} 7. e5 {25} Ne8 {26} 8. Bxc6 {9} dxc6
{6} 9. h3 {11} Nc7 {248} 10. a4 {22} Ne6 {311} 11. a5 {24} Nd4 {66} 12. Bf4 {
326} Be6 {1026} 13. Nd2 {229} Qd7 {377} 14. Re1 {163} h6 {285} 15. Nde4 {308}
b6 {81} 16. b3 {55} g5 {151} 17. Bh2 {108} Nf5 {78} 18. Ra4 {753} Qc7 {1026}
19. Nf6+ {110} exf6 {645} 20. exf6 {6} Qd7 {30} 21. fxg7 {11} Kxg7 {14} 22.
axb6 {333} axb6 {24} 23. Qa1 {11} Qb7 {788} 24. Nd5+ {330} Kh7 {163} 25. Nxb6 {
251} Rae8 {177} 26. Nc4 {29} Qd7 {48} 27. Ne5 {108} Qc8 {177} 28. Ng4 {29} Rd8
{72} 29. Qf6 {81} Rg8 {68} 30. Ra7 {136} Rg7 {170} 31. Rc7 {84} Qa8 {20} 32.
Ra1 {17} Qb8 {36} 33. Rxc6 {36} Qb4 {27} 34. Qxd8 {26} 1-0

[Event "TOP 12 Feminin_GroupeA"]
[Site "CHARTRES, France"]
[Date "2024.05.11"]
[Round "4.11"]
[White "GRIMAULT, Leane"]
[Black "SCHIPPKE, Manon"]
[Result "0-1"]
[WhiteElo "1924"]
[BlackElo "2190"]
[PlyCount "107"]
[EventDate "2024.??.??"]
[WhiteTeam "Juvisy sur Orge"]
[BlackTeam "Chartres"]

1. c4 {5} e5 {6} 2. Nc3 {12} Nc6 {4} 3. Nf3 {17} f5 {32} 4. g3 {20} Nf6 {4} 5.
d4 {29} e4 {93} 6. Nh4 {40} g6 {503} 7. Bg5 {34} Bg7 {67} 8. Bg2 {278} O-O {21}
9. O-O {38} d6 {143} 10. f3 {370} exf3 {62} 11. Nxf3 {29} h6 {247} 12. Bxf6 {56
} Qxf6 {72} 13. e3 {91} g5 {290} 14. Nd5 {132} Qd8 {103} 15. Qd3 {164} Be6 {346
} 16. Nd2 {197} Qd7 {171} 17. a3 {217} Rae8 {124} 18. Rae1 {130} Kh8 {253} 19.
b4 {239} Nd8 {276} 20. Nc3 {201} c6 {55} 21. d5 {270} Bg8 {8} 22. Ne2 {391} c5
{73} 23. Bh3 {97} Bh7 {19} 24. Qb3 {668} Nf7 {410} 25. Nc1 {401} Ne5 {40} 26.
Nd3 {73} b6 {195} 27. Kh1 {105} Ng4 {77} 28. Nf2 {47} h5 {138} 29. Bg2 {143}
Qe7 {177} 30. Nxg4 {147} hxg4 {227} 31. a4 {656} Be5 {133} 32. bxc5 {275} bxc5
{4} 33. Qa3 {78} Qg7 {65} 34. Rf2 {103} Qh6 {256} 35. Nf1 {60} Rb8 {84} 36. a5
{123} Rb4 {166} 37. Qc1 {151} Qg7 {66} 38. Rc2 {107} f4 {153} 39. exf4 {21}
Bxc2 {13} 40. Qxc2 {91} gxf4 {5} 41. gxf4 {31} Rxf4 {17} 42. Re4 {180} Rb2 {150
} 43. Qa4 {112} Rbf2 {211} 44. Rxf4 {60} Rxf4 {3} 45. Qe8+ {14} Rf8 {11} 46.
Qe6 {52} Qh7 {100} 47. Kg1 {23} Qf5 {115} 48. Qh6+ {48} Kg8 {2} 49. Kh1 {28}
Rf6 {132} 50. Qh4 {20} Qf4 {26} 51. Qh5 {45} Bd4 {51} 52. Qe8+ {22} Kg7 {4} 53.
Qe2 {27} Be5 {29} 54. Qc2 {44} 0-1

[Event "TOP 12 Feminin_GroupeA"]
[Site "CHARTRES, France"]
[Date "2024.05.11"]
[Round "4.12"]
[White "TOMASI, Elise"]
[Black "AUBERT, Estee"]
[Result "1-0"]
[WhiteElo "2011"]
[BlackElo "2023"]
[PlyCount "88"]
[EventDate "2024.??.??"]
[WhiteTeam "Chartres"]
[BlackTeam "Juvisy sur Orge"]

1. d4 {30} Nf6 {6} 2. Nf3 {6} d6 {9} 3. g3 {27} g6 {10} 4. Bg2 {4} Bg7 {6} 5.
O-O {4} O-O {7} 6. a4 {30} Bf5 {279} 7. Nh4 {407} Be4 {16} 8. f3 {25} Bc6 {16}
9. e4 {219} e5 {39} 10. d5 {361} Bd7 {7} 11. Qe1 {631} Ne8 {224} 12. f4 {40} f5
{884} 13. fxe5 {116} dxe5 {66} 14. exf5 {279} gxf5 {15} 15. c4 {18} e4 {353}
16. Bh3 {190} Nd6 {1818} 17. c5 {452} Nc4 {9} 18. Bxf5 {93} Bd4+ {145} 19. Kg2
{318} e3 {34} 20. Be4 {1166} Na6 {452} 21. Qe2 {148} Qe7 {82} 22. Bf3 {155}
Qxc5 {60} 23. Na3 {27} Nxa3 {407} 24. Rxa3 {5} Rae8 {17} 25. Rd1 {84} Nb4 {158}
26. h3 {99} c6 {292} 27. Kh2 {9} Qc2 {306} 28. Rxd4 {239} Qxe2+ {145} 29. Bxe2
{1} Nc2 {17} 30. Rf4 Nxa3 {207} 31. dxc6 {67} Bxc6 {227} 32. bxa3 {19} Rxf4 {46
} 33. gxf4 {1} Bxa4 {7} 34. Nf5 {108} Bc2 {27} 35. Nxe3 {63} Rc8 {17} 36. Bb2 {
28} Be4 {22} 37. Kg3 {39} Kf7 {16} 38. f5 {33} a6 {24} 39. Kf4 {5} Bh1 {12} 40.
Bc4+ {70} Kf8 {22} 41. f6 {61} Re8 {33} 42. Be5 {84} Rd8 {30} 43. Bc3 {11} a5 {
94} 44. Bxa5 {20} Rd4+ {Ke4 4 77} 1-0